Contributing authors
Stručná charakteristika prispievajúcich autorov.
Salvato in:
| Altri autori: | |
|---|---|
| Natura: | Capitolo di libro |
| Lingua: | inglese |
| Tags: |
Nessun Tag, puoi essere il primo ad aggiungerne!!
|
MARC
| LEADER | 00000naa$a2200000$$$4500 | ||
|---|---|---|---|
| 001 | 0120815 | ||
| 005 | 20240502072352.4 | ||
| 041 | 0 | |a eng | |
| 044 | |a SK | ||
| 245 | 1 | 0 | |a Contributing authors |c do angl. prel. Tatiana Laskovičová |
| 520 | |a Stručná charakteristika prispievajúcich autorov. | ||
| 700 | 1 | |a Laskovičová, Tatiana | |